000 00714nam a2200241 a 4500
008
020 _a0947686894 (pbk.)
049 _aMAIN
090 _aKDK1770
100 1 _aCharleton, Peter.
245 1 0 _aOffences against the person /
_cPeter Charleton.
260 _aDublin :
_bRound Hall Press,
_cc1992.
300 _alxxiv, 415 p. ;
_c24 cm.
440 4 _aThe Irish criminal law series.
504 _aIncludes bibliographical references.
500 _aIncludes index.
650 0 _aOffenses against the person
_zIreland.
907 _a.b10158571
_b15-03-05
_c09-03-05
003
005 20230123133950.0
040 _cNUST
942 _cBOOKS
_kKDK1770
999 _c157675
_d157675